Environment and farmer friendly biodegradable rubber spray oil for controlling abnormal leaf fall disease (Record no. 58648)

MARC details
000 -LEADER
fixed length control field 00570nam a2200133Ia 4500
100 ## - MAIN ENTRY--AUTHOR NAME
Personal name Joseph P V
245 #0 - TITLE STATEMENT
Title Environment and farmer friendly biodegradable rubber spray oil for controlling abnormal leaf fall disease
260 ## - PUBLICATION, DISTRIBUTION, ETC. (IMPRINT)
Name of publisher IRC 2012. International Rubber Conference, 28-31 October 2012, Kovalam, India, Rubber Research Institute of India, Kottayam and IRRDB, Malaysia: Abstracts. pp.168.
650 ## - SUBJECT ADDED ENTRY--TOPICAL TERM
Topical Term Abnormal leaf fall disease
650 ## - SUBJECT ADDED ENTRY--TOPICAL TERM
Topical Term Biodegradable rubber spray oil
700 ## - ADDED ENTRY--PERSONAL NAME
Personal name
942 ## - ADDED ENTRY ELEMENTS (KOHA)
Koha item type Journals
Holdings
Withdrawn status Lost status Damaged status Not for loan Home library Current library Shelving location Date acquired Koha item type
      Journals RRII Library RRII Library Plant pathology 09/05/2013 Journals